000 00755nam a2200193Ia 4500
001 22658
003 GE_BSU
008 181216s||||||||xx |||||||||||||| ||und||
040 _cGE_BSU
245 _aსაქართველოს ბიბლიოთეკა №1(70) 2018
245 _bჟურნალი გამოდის წელიწადში ოთხჯერ.
245 _cრედ.: ალექსანდრე ლორია, გურამ თაყნიაშვილი.
260 _aთბილისი
260 _c2018
300 _a60 გვ. 24 სმ.
653 _aპერიოდიკა
653 _aსაქართველოს ბიბლიოთეკა №1(70) 2018
942 _cCR
999 _c55576
_d55576